INIS, subject categories and scope descriptions.

Bibliographic Details
Corporate Author: International Atomic Energy Agency
Format: Book
Language:English
Published: Vienna : International Atomic Energy Agency, 1997.
Edition:[8th rev. ed.].
Series:INIS reference series. IAEA-INIS-3 (rev. 8)
Subjects:

MARC

Tag First Indicator Second Indicator Subfields
LEADER 00000cam a2200000 a 4500
001 in00001404726
005 20151020062103.0
008 980310s1997 au i001 0 eng d
020 |a 9201033974 (pbk.) 
035 |a (OCoLC)38578393 
035 |9 AHP0693AM 
040 |a WAU  |c WAU  |d TXA  |d UtOrBLW 
049 |a TXAM 
090 |a Z695.1.A85  |b I2 no.3, (rev.8) 
245 0 0 |a INIS, subject categories and scope descriptions. 
250 |a [8th rev. ed.]. 
264 1 |a Vienna :  |b International Atomic Energy Agency,  |c 1997. 
300 |a 131 pages ;  |c 30 cm. 
336 |a text  |b txt  |2 rdacontent 
337 |a unmediated  |b n  |2 rdamedia 
338 |a volume  |b nc  |2 rdacarrier 
490 1 |a INIS reference series,  |x 1014-1561 ;  |v IAEA-INIS-3 (rev. 8) 
500 |a Includes index. 
650 0 |a Subject headings  |x Nuclear energy. 
650 0 |a Nuclear energy  |x Abstracting and Indexing. 
650 0 |a Subject headings  |x Nuclear physics. 
650 0 |a Nuclear physics  |x Abstracting and indexing. 
710 2 |a International Atomic Energy Agency. 
830 0 |a INIS reference series.  |x 1014-1561 ;  |v IAEA-INIS-3 (rev. 8) 
948 |a c:blr 
999 |a MARS 
999 f f |s 3cae7c8d-6753-37f8-a644-3c3958136b51  |i b6215fd3-46dc-3c97-a600-fa496342cb5b  |t 0 
952 f f |p ric  |a Texas A&M University  |b Rellis Campus  |c Joint Library Facility  |d Remote Storage  |t 0  |e Z695.1.A85 I2 no.3 (rev.8)  |h Library of Congress classification  |i unmediated -- volume  |m A14822399579 
998 f f |a Z695.1.A85 I2 no.3 (rev.8)  |t 0  |l Remote Storage